The consumer society (Record no. 404601)

000 -LEADER
fixed length control field 00494cam a22001697a 4500
008 - FIXED-LENGTH DATA ELEMENTS--GENERAL INFORMATION
fixed length control field 180718b2001 xxu||||| |||| 00| 0 eng d
020 ## - INTERNATIONAL STANDARD BOOK NUMBER
International Standard Book Number 0415263956
082 ## - DEWEY DECIMAL CLASSIFICATION NUMBER
Classification number T15 H618
245 ## - TITLE STATEMENT
Title The consumer society
Statement of responsibility, etc. edited by I.R.C. Hirst and W. Duncan Reekie
260 ## - PUBLICATION, DISTRIBUTION, ETC.
Place of publication, distribution, etc. London
Name of publisher, distributor, etc. Routledge
Date of publication, distribution, etc. 2001
300 ## - PHYSICAL DESCRIPTION
Extent 198p.
650 ## - SUBJECT ADDED ENTRY--TOPICAL TERM
Topical term or geographic name entry element Consumer protection - Law and legislation
650 ## - SUBJECT ADDED ENTRY--TOPICAL TERM
Topical term or geographic name entry element Consumers
650 ## - SUBJECT ADDED ENTRY--TOPICAL TERM
Topical term or geographic name entry element Consumption (Economics)
700 ## - ADDED ENTRY--PERSONAL NAME
Personal name Reeikie, W. Duncan
700 ## - ADDED ENTRY--PERSONAL NAME
Personal name Hirst, I.R.C.
Holdings
Withdrawn status Lost status Damaged status Not for loan Permanent Location Current Location Date acquired Full call number Barcode Date last seen Price effective from Koha item type
        Indian Institute of Public Administration Indian Institute of Public Administration 2005-09-13 T15 H618 80511 2018-07-21 2018-07-21 Book

Powered by Koha